000
00223 a2200097 4500
001
11304
100
_a
Chawla, S.
245
_a
Southeast Asia Under the New balance of power
260
_a
_b
Preager
_c
090
_c
8855
_d
8855
942
_a
NUST-CAE
_c
M
_c
35661
999
_c
246377
_d
246377